00386pab a2200145 454500008004000000100002300040245002300063260000900086300001100095362001100106650004200117650002800159700001900187773003400206180718b2001 xxu||||| |||| 00| 0 eng d aKhan, Sayeed Hasan aAfghan armageddon? c2001 ap.3678 a29 Sep aAfghanistan - Politics and government aPolitics and government aJacobson, Kurt aEconomic and Political Weekly